000 00288nam a22001337a 4500
008 180115b xxu||||| |||| 00| 0 eng d
020 _a9780130913241
041 _aeng
080 _a101
100 _a24
101 _aFIL
245 _aMEDIEVAL PHILOSOPHY
_cWALTER.K
942 _2udc
_cBK
999 _c40265
_d40265